Is clay essential for the manufacturing of construction ceramics?
Elmentve itt :
| Szerző: | |
|---|---|
| Dokumentumtípus: | Cikk |
| Megjelent: |
Department of Mineralogy, Geochemistry and Petrology, University of Szeged
Szeged
2004
|
| Sorozat: | Acta mineralogica-petrographica
4 Acta mineralogica-petrographica : abstract series 4 |
| Kulcsszavak: | Földtan - előadáskivonat, Kőzettan - előadáskivonat, Ásványtan - előadáskivonat |
| Tárgyszavak: | |
| Online Access: | http://acta.bibl.u-szeged.hu/31587 |
| LEADER | 00960nab a2200217 i 4500 | ||
|---|---|---|---|
| 001 | acta31587 | ||
| 005 | 20260212144123.0 | ||
| 008 | 161017s2004 hu o 000 eng d | ||
| 022 | |a 0324-6523, 1589-4835 | ||
| 040 | |a SZTE Egyetemi Kiadványok Repozitórium |b hun | ||
| 041 | |a eng | ||
| 100 | 1 | |a Gomes C. S. F. | |
| 245 | 1 | 3 | |a Is clay essential for the manufacturing of construction ceramics? |h [elektronikus dokumentum] / |c Gomes C. S. F. |
| 260 | |a Department of Mineralogy, Geochemistry and Petrology, University of Szeged |b Szeged |c 2004 | ||
| 300 | |a 41 | ||
| 490 | 0 | |a Acta mineralogica-petrographica |v 4 | |
| 490 | 0 | |a Acta mineralogica-petrographica : abstract series |v 4 | |
| 650 | 4 | |a Természettudományok | |
| 650 | 4 | |a Föld- és kapcsolódó környezettudományok | |
| 695 | |a Földtan - előadáskivonat, Kőzettan - előadáskivonat, Ásványtan - előadáskivonat | ||
| 856 | 4 | 0 | |u http://acta.bibl.u-szeged.hu/31587/1/mineralogica_as_004_041.pdf |z Dokumentum-elérés |